00653nam a2200217Ia 4500003000400000005001700004008004100021020003000062040001700092082002100109100002300130245009000153250000800243260003600251300001500287500001900302650002300321650003500344650002800379700002800407IIN20250430122508.0231217s2023 xx adc 001 0 eng d cRs.2199.00a9789389335996 aIINbEnglish a610.730692 bNET1 aNettina,Sandra M. 1 aLippincott Manual of Nursing Practice/cSandra M. Nettina; edited by Suresh K. Sharma aSAE bWolters KluweraNew Delhic2020 axi, 1583p. aIncludes Index1 aFoundationvManual1 aFundamentalvNursing Procedure1 aManual Nursing Practice1 aSharma, Suresh K. (ed.)